| 000 | 00696nam a2200193 a 4500 | ||
|---|---|---|---|
| 005 | 20240912063718.0 | ||
| 008 | 051004s2004 mx r 000 0 spa d | ||
| 035 | _aUPN01000140496 | ||
| 049 | _aCG | ||
| 050 | 4 |
_aHB801 _bD6.7 2003 |
|
| 245 | 0 | 0 |
_a2003 : _bacción y visión de Profeco : una ley renovada : un beneficio compartido. |
| 260 |
_aMéxico : _bPROFECO, _c[2004]. |
||
| 300 |
_a87 p. : _bil. + _e1 folleto (31 p.) y 1 disco compacto digital 4 3/4 plg. |
||
| 500 | _aIncluye un CD | ||
| 506 | _aSolicíta el CD-ROM en el Mostrador de Préstamo | ||
| 610 | 2 | 4 |
_aPROCURADURIA FEDERAL DEL CONSUMIDOR (MEXICO) - _vINFORMES _91630 |
| 650 | 4 |
_aConsumidor _xEducación _910497 |
|
| 905 | _aLibro | ||
| 999 |
_c112644 _d112644 |
||